[Event "Icelandic Open 2019"]
[Site "Akureyri"]
[Date "2019.05.30"]
[Round "7.10"]
[White "Ptacnikova, Lenka"]
[Black "Jonsson, Gauti Pall"]
[Result "*"]
[WhiteElo "2145"]
[BlackElo "2033"]
[Annotator "RC"]
[PlyCount "245"]
[EventDate "2019.05.25"]
[EventType "swiss"]
[EventCountry "ISL"]
[SourceTitle "playchess.com"]
[Source "ChessBase"]
[SourceQuality "1"]
[TimeControl "40/5400+30:1800+30"]

1. e4 {[%emt 0:00:00]} c5 {[%emt 0:00:00]} 2. Nc3 {[%emt 0:00:00]} a6 {[%emt 0:01:02]} 3. g3 {[%emt 0:04:12]} b5 {[%emt 0:03:48]} 4. Bg2 {[%emt 0:01:00]} Bb7 {[%emt 0:00:57]} 5. d3 {[%emt 0:00:45]} e6 {[%emt 0:01:31]} 6. Nf3 {[%emt 0:07:40]} Nc6 {[%emt 0:03:00]} 7. O-O {[%emt 0:01:39]} d6 {[%emt 0:02:54]} 8. Re1 {[%emt 0:16:44]} Be7 {[%emt 0:09:25]} 9. d4 {[%emt 0:04:38]} cxd4 {[%emt 0:02:47]} 10. Nxd4 {[%emt 0:02:51]} Qc7 {[%emt 0:01:26]} 11. Nxc6 {[%emt 0:15:31]} Bxc6 {[%emt 0:01:14]} 12. Ne2 {[%emt 0:09:35]} Nf6 {[%emt 0:02:42]} 13. Nd4 {[%emt 0:00:48]} Bb7 {[%emt 0:01:31]} 14. c3 {[%emt 0:00:38]} O-O {[%emt 0:01:45]} 15. a4 {[%emt 0:00:20]} bxa4 {[%emt 0:01:29]} 16. Qxa4 {[%emt 0:02:00]} Nd7 {[%emt 0:02:55]} 17. Nb3 {[%emt 0:14:47]} Ne5 {[%emt 0:02:46]} 18. Na5 {[%emt 0:06:08]} Bc8 {[%emt 0:01:35]} 19. Rd1 {[%emt 0:00:54]} Bd7 {[%emt 0:00:46]} 20. Qc2 {[%emt 0:03:02]} Bb5 {[%emt 0:01:01]} 21. b3 {[%emt 0:01:12]} Rac8 {[%emt 0:00:47]} 22. c4 {[%emt 0:00:20]} Rfd8 {[%emt 0:01:51]} 23. Qe2 {[%emt 0:01:39]} Be8 {[%emt 0:00:45]} 24. Bb2 {[%emt 0:00:33]} Rb8 {[%emt 0:01:28]} 25. Bc3 {[%emt 0:04:00]} Nd7 {[%emt 0:01:01]} 26. Qg4 {[%emt 0:01:20]} Ne5 {[%emt 0:02:33]} 27. Qe2 {[%emt 0:00:05]} Nd7 {[%emt 0:00:59]} 28. Qg4 {[%emt 0:00:12]} Bf6 {[%emt 0:03:36]} 29. Bxf6 {[%emt 0:00:07]} Nxf6 {[%emt 0:00:15]} 30. Qe2 {[%emt 0:00:29]} Qb6 {[%emt 0:04:01]} 31. e5 {[%emt 0:01:08]} dxe5 {[%emt 0:00:43]} 32. Re1 {[%emt 0:00:20]} e4 {[%emt 0:01:30]} 33. Bxe4 {[%emt 0:00:53]} Rd4 {[%emt 0:00:28]} 34. Bf3 {[%emt 0:00:44]} Qb4 {[%emt 0:00:53]} 35. Qe3 {[%emt 0:00:41]} Rbd8 {[%emt 0:00:34]} 36. Reb1 {[%emt 0:00:14]} Rd3 {[%emt 0:01:23]} 37. Qe2 {[%emt 0:00:06]} Rd2 {[%emt 0:01:01]} 38. Qe1 {[%emt 0:00:12]} Qc3 {[%emt 0:00:30]} 39. Be2 {[%emt 0:01:21]} Qe5 {[%emt 0:03:36]} 40. Bf3 {[%emt 0:00:00]} Qf5 {[%emt 0:00:00]} 41. Rd1 {[%emt 0:07:20]} Rxd1 {[%emt 0:06:05]} 42. Rxd1 {[%emt 0:04:43]} Rxd1 {[%emt 0:01:38]} 43. Bxd1 {[%emt 0:00:08]} h5 {[%emt 0:00:33]} 44. Be2 {[%emt 0:07:59]} h4 {[%emt 0:00:48]} 45. Bf1 {[%emt 0:00:50]} hxg3 {[%emt 0:02:04]} 46. hxg3 {[%emt 0:00:12]} e5 {[%emt 0:03:49]} 47. c5 {[%emt 0:01:20]} e4 {[%emt 0:00:27]} 48. b4 {[%emt 0:00:29]} Nd5 {[%emt 0:01:58]} 49. Nc4 {[%emt 0:00:47]} Bc6 {[%emt 0:03:08]} 50. Nd6 {[%emt 0:00:45]} Qe5 {[%emt 0:00:50]} 51. Bxa6 {[%emt 0:02:20]} e3 {[%emt 0:01:13]} 52. Bc4 {[%emt 0:04:43]} exf2+ {[%emt 0:01:08]} 53. Qxf2 {[%emt 0:00:24]} Qa1+ {[%emt 0:04:49]} 54. Bf1 {[%emt 0:00:52]} Nxb4 {[%emt 0:12:17]} 55. Qxf7+ {[%emt 0:00:23]} Kh7 {[%emt 0:01:05]} 56. Qh5+ {[%emt 0:00:23]} Kg8 {[%emt 0:00:05]} 57. Qf7+ {[%emt 0:00:04]} Kh7 {[%emt 0:00:04]} 58. Qf5+ {[%emt 0:01:52]} Kg8 {[%emt 0:00:43]} 59. Qe6+ {[%emt 0:04:09]} Kh7 {[%emt 0:01:02]} 60. Qh3+ {[%emt 0:00:38]} Kg8 {[%emt 0:00:13]} 61. Qc8+ {[%emt 0:00:08]} Kh7 {[%emt 0:00:08]} 62. Qf5+ {[%emt 0:00:25]} Kg8 {[%emt 0:00:07]} 63. Nc8 {[%emt 0:01:05]} Qd4+ {[%emt 0:01:01]} 64. Qf2 {[%emt 0:00:10]} Qxf2+ {[%emt 0:00:56]} 65. Kxf2 {[%emt 0:00:05]} Kf7 {[%emt 0:00:55]} 66. Na7 {[%emt 0:00:34]} Ke6 {[%emt 0:03:04]} 67. Nxc6 {[%emt 0:00:37]} Nxc6 {[%emt 0:00:06]} 68. Bg2 {[%emt 0:00:20]} Nb4 {[%emt 0:00:51]} 69. Ke3 {[%emt 0:00:30]} Ke5 {[%emt 0:01:16]} 70. Bb7 {[%emt 0:00:28]} Nc2+ {[%emt 0:02:43]} 71. Kd3 {[%emt 0:00:47]} Nd4 {[%emt 0:00:46]} 72. c6 {[%emt 0:00:52]} Ne6 {[%emt 0:00:16]} 73. Bc8 {[%emt 0:00:33]} Nc7 {[%emt 0:00:24]} 74. Kc4 {[%emt 0:00:16]} Nd5 {[%emt 0:00:17]} 75. Kc5 {[%emt 0:00:18]} Nc7 {[%emt 0:00:32]} 76. Bh3 {[%emt 0:00:26]} Nd5 {[%emt 0:00:14]} 77. Bf1 {[%emt 0:00:25]} Nc7 {[%emt 0:00:23]} 78. Bc4 {[%emt 0:00:06]} Ne8 {[%emt 0:00:28]} 79. Bg8 {[%emt 0:00:25]} Nc7 {[%emt 0:00:43]} 80. Bf7 {[%emt 0:00:07]} Na8 {[%emt 0:00:32]} 81. Be8 {[%emt 0:00:44]} Nc7 {[%emt 0:00:15]} 82. Bd7 {[%emt 0:00:07]} Nd5 {[%emt 0:00:42]} 83. Bh3 {[%emt 0:00:35]} Nc7 {[%emt 0:00:16]} 84. Kb6 {[%emt 0:00:15]} Kd6 {[%emt 0:00:10]} 85. Kb7 {[%emt 0:00:06]} Nd5 {[%emt 0:00:45]} 86. Bg2 {[%emt 0:00:37]} Nc7 {[%emt 0:00:15]} 87. Bf1 {[%emt 0:02:20]} Ne6 {[%emt 0:00:38]} 88. Kb6 {[%emt 0:00:14]} Nc7 {[%emt 0:00:25]} 89. Bc4 {[%emt 0:00:13]} Ne8 {[%emt 0:00:31]} 90. Bf7 {[%emt 0:00:19]} Nc7 {[%emt 0:00:12]} 91. Bh5 {[%emt 0:01:11]} Ne6 {[%emt 0:00:36]} 92. Bf3 {[%emt 0:00:14]} Nc7 {[%emt 0:00:17]} 93. Bg4 {[%emt 0:00:52]} Ne8 {[%emt 0:00:35]} 94. Bd7 {[%emt 0:00:14]} Nc7 {[%emt 0:00:25]} 95. Kb7 {[%emt 0:00:12]} Nd5 {[%emt 0:02:23]} 96. g4 {[%emt 0:00:35]} g5 {[%emt 0:01:36]} 97. Bf5 {[%emt 0:01:01]} Nc7 {[%emt 0:00:13]} 98. Be4 {[%emt 0:00:31]} Nb5 {[%emt 0:00:31]} 99. Bg2 {[%emt 0:00:37]} Nc7 {[%emt 0:00:09]} 100. Bf1 {[%emt 0:00:25]} Nd5 {[%emt 0:00:46]} 101. Bc4 {[%emt 0:00:43]} Nc7 {[%emt 0:00:00]} 102. Bf7 {[%emt 0:00:35]} Nb5 {[%emt 0:00:00]} 103. Be8 {[%emt 0:00:11]} Nc7 {[%emt 0:00:10]} 104. Bd7 {[%emt 0:00:04]} Nd5 {[%emt 0:00:44]} 105. Kc8 {[%emt 0:00:14]} Nc7 {[%emt 0:00:40]} 106. Kd8 {[%emt 0:00:08]} Nd5 {[%emt 0:00:47]} 107. Ke8 {[%emt 0:00:15]} Nc7+ {[%emt 0:01:42]} 108. Kf7 {[%emt 0:00:10]} Ke5 {[%emt 0:04:10]} 109. Kg6 {[%emt 0:00:17]} Kf4 {[%emt 0:00:29]} 110. Bf5 {[%emt 0:01:50]} Nd5 {[%emt 0:00:26]} 111. Kf7 {[%emt 0:00:33]} Ke5 {[%emt 0:00:14]} 112. Bc8 {[%emt 0:00:35]} Nb6 {[%emt 0:01:29]} 113. Bd7 {[%emt 0:00:36]} Nd5 {[%emt 0:00:22]} 114. Be6 {[%emt 0:00:56]} Nc7 {[%emt 0:00:23]} 115. Bc4 {[%emt 0:00:25]} Kd6 {[%emt 0:03:51]} 116. Kf6 {[%emt 0:00:06]} Kxc6 {[%emt 0:00:05]} 117. Kxg5 {[%emt 0:00:03]} Kd7 {[%emt 0:00:26]} 118. Kh6 {[%emt 0:00:31]} Ke7 {[%emt 0:00:41]} 119. g5 {[%emt 0:00:18]} Ne8 {[%emt 0:00:19]} 120. Kh7 {[%emt 0:01:09]} Kf8 {[%emt 0:00:57]} 121. g6 {[%emt 0:00:30]} Ng7 {[%emt 0:00:23]} 122. Be2 {[%emt 0:00:23]} Nf5 {[%emt 0:01:50]} 123. Bg4 {[%emt 0:00:23]} *

[Event "Icelandic Open 2019"]
[Site "Akureyri"]
[Date "2019.05.30"]
[Round "7.11"]
[White "Hardarson, Petur Palmi"]
[Black "Bergsson, Stefan"]
[Result "0-1"]
[WhiteElo "1847"]
[BlackElo "2124"]
[Annotator "TA"]
[PlyCount "130"]
[EventDate "2019.05.25"]
[EventType "swiss"]
[EventCountry "ISL"]
[SourceTitle "playchess.com"]
[Source "ChessBase"]
[SourceQuality "1"]

{[%evp 12,129,25,35,39,51,156,139,145,148,178,171,192,178,166,167,166,174,180,85,88,83,86,49,44,39,49,38,38,40,64,49,53,38,41,45,45,25,25,0,12,1,8,2,2,-16,0,0,0,-4,-1,-8,0,0,0,0,0,0,0,0,0,-6,0,0,0,0,0,0,0,0,0,0,0,-8,-8,-8,-8,-8,-8,-8,-8,-8,-8,-8,0,-8,0,-8,-8,-8,-8,-8,-8,-75,-75,-75,-8,-8,-8,-8,-8,-75,-75,-75,-75,-75,-75,-75,-75,-75,-75,-29973,-29974,-29974,-29971,-29971,-29971,-29998,-29999,-29999]} 1. d4 d5 2. c4 e6 3. Nc3 Be7 4. Bf4 Nf6 5. Nf3 O-O 6. e3 c5 7. dxc5 Na6 {D37: Queen's Gambit Declined: 5 Bf4} (7... Bxc5 8. cxd5 Nxd5 9. Nxd5 exd5 10. Bd3 Bb4+ 11. Nd2 d4 12. e4 Na6 13. O-O Nc5 14. Nb3 Be6 15. Nxc5 Bxc5 16. Rc1 Rc8 17. a3 a5 18. h3 {½-½ (53) Nepomniachtchi,I (2773)-Nakamura,H (2761) Abidjan 2019}) 8. cxd5 exd5 (8... Nxd5 $14 9. Nxd5 exd5) 9. Bxa6 $1 $16 bxa6 {White is clearly better.} 10. Qd4 Be6 11. O-O $146 ({Predecessor:} 11. c6 Qa5 12. O-O Rfc8 13. Ne5 Rab8 14. a3 Bc5 15. Qa4 Qxa4 16. Nxa4 {1-0 (28) Heimisson,H (2271)-Rostgaard,T (2416) Esbjerg 2018}) 11... Qc8 12. b4 a5 {intending ...axb4.} 13. a3 ({Resist} 13. bxa5 $6 Bxc5 14. Qd3 Bb4 $14) 13... axb4 14. axb4 a5 15. Bd6 (15. Nb5 $18) 15... Bxd6 16. cxd6 axb4 17. Rxa8 Qxa8 18. Qxb4 Rb8 19. Qf4 Qa3 20. Ne2 Ne4 21. d7 Rd8 22. Qc7 Rxd7 23. Qb8+ Qf8 24. Qxf8+ Kxf8 25. Ne5 Rc7 26. f3 Nd2 27. Rd1 Nc4 28. Rc1 Rc8 29. Nd4 Ke7 30. Nxe6 Kxe6 $11 {[%mdl 4096] Endgame KRN-KRN} 31. Nd3 g5 32. Nb2 f5 {[#]} 33. e4 $1 {[%mdl 512]} Nd6 (33... dxe4 34. Rxc4) 34. exd5+ Kxd5 35. Rxc8 Nxc8 {KN-KN} 36. Kf2 h5 37. g4 h4 38. gxf5 Ke5 39. Nd3+ Kxf5 40. h3 Ne7 41. Ke2 Nd5 42. Nf2 Kf4 {White must now prevent ...Nc3+.} 43. Ne4 Nb4 44. Kf2 Nd3+ 45. Ke2 Ne5 46. Nd2 Nc6 47. Kf2 Nb4 48. Ke2 Nd5 {Threatens to win with ...Kf5.} 49. Ne4 Nc7 50. Kf2 Ne6 51. Nd2 Nd4 52. Kg2 (52. Ne4 $11) 52... Ke3 $17 53. Nc4+ Kd3 ({Black should try} 53... Ke2 $1 $17 54. Nd6 Ne6) 54. Nd6 $11 Ke2 {Hoping for ...Ne6.} 55. Ne4 Ne6 56. Nc3+ (56. Ng3+ $1 $11 Ke3 57. Ne4) 56... Kd2 $17 57. Ne4+ Ke3 58. Nf6 Nf4+ 59. Kh2 Kxf3 60. Ng4 Nd3 61. Nh6 $2 {[%mdl 8192] [#]} (61. Nf6 $17) 61... Ne5 $1 {Black mates.} 62. Nf5 {[#]} Kf2 $1 63. Kh1 Nf3 64. Ng3 hxg3 {[%csl Gf2][%cal Rg3g2]} 65. h4 {Accuracy: White = 56%, Black = 66%.} g2# 0-1

[Event "Icelandic Open 2019"]
[Site "Akureyri"]
[Date "2019.05.30"]
[Round "7.12"]
[White "Briem, Benedikt"]
[Black "Thorhallsson, Gylfi"]
[Result "1/2-1/2"]
[WhiteElo "1811"]
[BlackElo "2039"]
[Annotator "NA"]
[PlyCount "97"]
[EventDate "2019.05.25"]
[EventType "swiss"]
[EventCountry "ISL"]
[SourceTitle "playchess.com"]
[Source "ChessBase"]
[SourceQuality "1"]
[TimeControl "40/5400+30:1800+30"]

1. d4 {[%emt 0:00:00]} Nf6 {[%emt 0:01:01]} 2. Nf3 {[%emt 0:00:00]} e6 {[%emt 0:00:16]} 3. Bf4 {[%emt 0:00:00]} b6 {[%emt 0:01:04]} 4. e3 {[%emt 0:00:12]} Bb7 {[%emt 0:00:22]} 5. Bd3 {[%emt 0:00:14]} Be7 {[%emt 0:00:15]} 6. Nbd2 {[%emt 0:00:22]} c5 {[%emt 0:00:37]} 7. c3 {[%emt 0:01:12]} O-O {[%emt 0:01:16]} 8. h3 {[%emt 0:01:21]} d6 {[%emt 0:01:11]} 9. O-O {[%emt 0:02:24]} Nbd7 {[%emt 0:03:13]} 10. Qe2 {[%emt 0:01:59]} Qc7 {[%emt 0:09:16]} 11. e4 {[%emt 0:01:30]} e5 {[%emt 0:01:28]} 12. Bh2 {[%emt 0:00:43]} Rfe8 {[%emt 0:03:10]} 13. dxe5 {[%emt 0:03:17]} dxe5 {[%emt 0:00:47]} 14. Nc4 {[%emt 0:00:53]} Bf8 {[%emt 0:01:37]} 15. Nfd2 {[%emt 0:04:53]} b5 {[%emt 0:02:17]} 16. Ne3 {[%emt 0:06:05]} c4 {[%emt 0:00:27]} 17. Bc2 {[%emt 0:00:23]} Rad8 {[%emt 0:00:40]} 18. a4 {[%emt 0:13:20]} a6 {[%emt 0:02:46]} 19. axb5 {[%emt 0:02:52]} axb5 {[%emt 0:00:08]} 20. Ng4 {[%emt 0:10:54]} Nxg4 {[%emt 0:12:31]} 21. hxg4 {[%emt 0:02:24]} Nc5 {[%emt 0:01:25]} 22. Nf3 {[%emt 0:02:16]} Bc8 {[%emt 0:02:01]} 23. g5 {[%emt 0:05:35]} Bg4 {[%emt 0:01:33]} 24. Rfd1 {[%emt 0:01:02]} g6 {[%emt 0:18:58]} 25. Rxd8 {[%emt 0:02:09]} Rxd8 {[%emt 0:00:58]} 26. Rd1 {[%emt 0:02:10]} Bg7 {[%emt 0:05:45]} 27. Rd5 {[%emt 0:08:26]} Rxd5 {[%emt 0:03:59]} 28. exd5 {[%emt 0:00:12]} Qd8 {[%emt 0:01:10]} 29. Qe3 {[%emt 0:16:26]} Bxf3 {[%emt 0:02:40]} 30. gxf3 {[%emt 0:02:02]} Qxd5 {[%emt 0:01:17]} 31. Kf1 {[%emt 0:02:00]} Nd7 {[%emt 0:06:39]} 32. Ke2 {[%emt 0:01:44]} Bf8 {[%emt 0:02:43]} 33. Be4 {[%emt 0:01:56]} Qe6 {[%emt 0:02:06]} 34. f4 {[%emt 0:01:02]} Bc5 {[%emt 0:02:37]} 35. Qf3 {[%emt 0:01:33]} exf4 {[%emt 0:00:50]} 36. Qxf4 {[%emt 0:00:39]} f5 {[%emt 0:01:18]} 37. gxf6 {[%emt 0:00:38]} Nxf6 {[%emt 0:00:09]} 38. f3 {[%emt 0:00:47]} Bf8 {[%emt 0:04:25]} 39. Bg1 {[%emt 0:01:54]} Bd6 {[%emt 0:00:46]} 40. Qh4 {[%emt 0:00:00]} Nxe4 {[%emt 0:00:00]} 41. fxe4 {[%emt 0:01:49]} Be7 {[%emt 0:04:36]} 42. Qf4 {[%emt 0:00:27]} g5 {[%emt 0:00:38]} 43. Qb8+ {[%emt 0:00:50]} Kf7 {[%emt 0:00:12]} 44. Qxb5 {[%emt 0:00:41]} Qxe4+ {[%emt 0:00:28]} 45. Be3 {[%emt 0:00:27]} Bf6 {[%emt 0:02:54]} 46. b3 {[%emt 0:02:39]} cxb3 {[%emt 0:15:06]} 47. Qxb3+ {[%emt 0:00:21]} Qe6 {[%emt 0:00:28]} 48. Qxe6+ {[%emt 0:00:16]} Kxe6 {[%emt 0:00:11]} 49. Bxg5 {[%emt 0:00:07]} 1/2-1/2

[Event "Icelandic Open 2019"]
[Site "Akureyri"]
[Date "2019.05.30"]
[Round "7.13"]
[White "Pinto, Mark"]
[Black "Johannsson, Birkir Isak"]
[Result "1/2-1/2"]
[WhiteElo "2082"]
[BlackElo "1981"]
[Annotator "NA"]
[PlyCount "88"]
[EventDate "2019.05.25"]
[EventType "swiss"]
[EventCountry "ISL"]
[SourceTitle "playchess.com"]
[Source "ChessBase"]
[SourceQuality "1"]
[TimeControl "40/5400+30:1800+30"]

1. d4 {[%emt 0:01:08]} d5 {[%emt 0:00:00]} 2. Bf4 {[%emt 0:00:06]} c5 {[%emt 0:00:00]} 3. e3 {[%emt 0:00:06]} Nc6 {[%emt 0:00:00]} 4. c3 {[%emt 0:00:11]} Nf6 {[%emt 0:00:00]} 5. Nd2 {[%emt 0:04:07]} Bf5 {[%emt 0:00:37]} 6. Ngf3 {[%emt 0:00:52]} Qb6 {[%emt 0:01:06]} 7. Qb3 {[%emt 0:00:00]} c4 {[%emt 0:00:23]} 8. Qxb6 {[%emt 0:00:00]} axb6 {[%emt 0:00:02]} 9. a3 {[%emt 0:00:07]} b5 {[%emt 0:03:26]} 10. Rc1 {[%emt 0:00:07]} h6 $15 {[%emt 0:01:38]} 11. h3 {[%emt 0:00:07]} e6 {[%emt 0:00:30]} 12. Ne5 {[%emt 0:00:08]} Be7 {[%emt 0:02:00]} 13. Be2 {[%emt 0:00:11]} Ne4 {[%emt 0:08:37]} 14. Nxe4 {[%emt 0:14:14]} Bxe4 {[%emt 0:01:43]} 15. O-O {[%emt 0:01:58]} Nxe5 {[%emt 0:03:59]} 16. Bxe5 {[%emt 0:00:15]} f6 {[%emt 0:03:53]} 17. Bg3 {[%emt 0:00:15]} Kd7 {[%emt 0:01:37]} 18. f3 {[%emt 0:03:23]} Bf5 {[%emt 0:03:22]} 19. Rfe1 {[%emt 0:00:15]} g5 {[%emt 0:04:35]} 20. Bf1 {[%emt 0:00:33]} Bg6 {[%emt 0:01:25]} 21. e4 {[%emt 0:00:29]} Rae8 {[%emt 0:01:38]} 22. Rcd1 {[%emt 0:06:07]} Bd8 {[%emt 0:02:26]} 23. Kf2 {[%emt 0:11:19]} h5 {[%emt 0:04:28]} 24. Ra1 {[%emt 0:11:34]} h4 {[%emt 0:03:28]} 25. Bh2 {[%emt 0:00:18]} Bc7 {[%emt 0:00:26]} 26. Bxc7 Kxc7 {[%emt 0:00:01]} 27. exd5 {[%emt 0:05:48]} exd5 {[%emt 0:00:12]} 28. Rxe8 {[%emt 0:04:23]} Rxe8 {[%emt 0:00:57]} 29. Re1 {[%emt 0:00:06]} Rxe1 {[%emt 0:05:19]} 30. Kxe1 {[%emt 0:00:07]} f5 {[%emt 0:00:15]} 31. f4 {[%emt 0:05:42]} g4 {[%emt 0:00:48]} 32. g3 {[%emt 0:13:02]} hxg3 {[%emt 0:18:14]} 33. Bg2 {[%emt 0:00:04]} Kd6 {[%emt 0:04:22]} 34. Kf1 {[%emt 0:00:15]} Bh5 {[%emt 0:02:45]} 35. Kg1 {[%emt 0:03:31]} Ke6 {[%emt 0:02:12]} 36. h4 {[%emt 0:00:28]} Bf7 {[%emt 0:01:29]} 37. Bf1 {[%emt 0:00:07]} Kf6 {[%emt 0:00:13]} 38. Kg2 {[%emt 0:00:06]} Kg6 {[%emt 0:00:13]} 39. Kxg3 {[%emt 0:00:00]} Kh5 {[%emt 0:00:00]} 40. Be2 {[%emt 0:00:00]} Be6 {[%emt 0:00:00]} 41. Bd1 {[%emt 0:00:28]} Bd7 {[%emt 0:01:58]} 42. Bc2 {[%emt 0:00:27]} Kg6 {[%emt 0:00:12]} 43. b3 {[%emt 0:00:22]} Kh5 {[%emt 0:00:13]} 44. Bd1 {[%emt 0:08:03]} Kg6 {[%emt 0:00:48]} 1/2-1/2

[Event "Icelandic Open 2019"]
[Site "Akureyri"]
[Date "2019.05.30"]
[Round "7.14"]
[White "Ragnarsson, Johann"]
[Black "Gower, Sam"]
[Result "0-1"]
[WhiteElo "1968"]
[BlackElo "2069"]
[Annotator "NA"]
[PlyCount "90"]
[EventDate "2019.05.25"]
[EventType "swiss"]
[EventCountry "ISL"]
[SourceTitle "playchess.com"]
[Source "ChessBase"]
[SourceQuality "1"]
[TimeControl "40/5400+30:1800+30"]

1. d4 {[%emt 0:03:39]} Nf6 {[%emt 0:00:00]} 2. c4 {[%emt 0:00:09]} e6 {[%emt 0:00:00]} 3. Nc3 {[%emt 0:00:11]} Bb4 {[%emt 0:00:17]} 4. f3 {[%emt 0:00:07]} d5 {[%emt 0:00:17]} 5. a3 {[%emt 0:00:08]} Be7 {[%emt 0:00:31]} 6. e4 {[%emt 0:00:59]} dxe4 {[%emt 0:00:15]} 7. fxe4 {[%emt 0:00:08]} c5 {[%emt 0:00:23]} 8. d5 {[%emt 0:14:37]} exd5 {[%emt 0:00:07]} 9. exd5 {[%emt 0:00:39]} O-O {[%emt 0:00:32]} 10. Qc2 {[%emt 0:12:02]} Re8 {[%emt 0:04:30]} 11. Be2 {[%emt 0:03:02]} Bd6 {[%emt 0:06:02]} 12. Nf3 {[%emt 0:03:11]} Bg4 {[%emt 0:00:40]} 13. O-O {[%emt 0:00:14]} Nbd7 {[%emt 0:00:41]} 14. Bg5 {[%emt 0:06:44]} h6 {[%emt 0:02:47]} 15. Bh4 {[%emt 0:03:33]} Qb8 {[%emt 0:01:07]} 16. h3 {[%emt 0:01:50]} Bh5 {[%emt 0:00:41]} 17. Bd3 {[%emt 0:03:39]} Bxf3 {[%emt 0:22:57]} 18. Rxf3 {[%emt 0:04:37]} g5 {[%emt 0:04:31]} 19. Bf2 {[%emt 0:16:12]} Bf4 {[%emt 0:13:04]} 20. Ne4 {[%emt 0:02:58]} Nxe4 {[%emt 0:05:27]} 21. Bxe4 {[%emt 0:00:12]} Qd6 {[%emt 0:10:42]} 22. g3 {[%emt 0:03:20]} Be5 {[%emt 0:00:21]} 23. Rf1 {[%emt 0:01:21]} Re7 {[%emt 0:02:37]} 24. Bf5 {[%emt 0:06:17]} Nf6 {[%emt 0:04:39]} 25. Qd2 {[%emt 0:00:07]} Kg7 {[%emt 0:02:52]} 26. Kg2 {[%emt 0:00:58]} Rg8 {[%emt 0:01:14]} 27. Bb1 {[%emt 0:01:36]} g4 {[%emt 0:04:40]} 28. hxg4 {[%emt 0:02:54]} Nxg4 {[%emt 0:00:26]} 29. Qd3 {[%emt 0:00:08]} Kf8 {[%emt 0:02:46]} 30. Qf5 {[%emt 0:02:51]} Nxf2 {[%emt 0:03:25]} 31. R1xf2 {[%emt 0:00:50]} Bxg3 {[%emt 0:02:14]} 32. Qc8+ {[%emt 0:05:23]} Kg7 {[%emt 0:00:08]} 33. Qg4+ {[%emt 0:00:22]} Kh8 {[%emt 0:00:22]} 34. Rxg3 {[%emt 0:01:01]} Rxg4 {[%emt 0:00:12]} 35. Rxg4 {[%emt 0:00:01]} Qe5 {[%emt 0:03:39]} 36. Be4 {[%emt 0:00:27]} Qh5 {[%emt 0:00:33]} 37. Rff4 {[%emt 0:01:07]} Rxe4 {[%emt 0:00:51]} 38. Rxe4 {[%emt 0:00:32]} f5 {[%emt 0:00:06]} 39. Kg3 {[%emt 0:00:35]} fxg4 {[%emt 0:00:58]} 40. Rxg4 {[%emt 0:00:00]} Qe5+ {[%emt 0:00:00]} 41. Kf3 {[%emt 0:08:08]} b5 {[%emt 0:01:30]} 42. Re4 {[%emt 0:07:11]} Qf5+ {[%emt 0:01:51]} 43. Ke3 {[%emt 0:03:45]} bxc4 {[%emt 0:01:55]} 44. Re8+ {[%emt 0:00:08]} Kg7 {[%emt 0:00:13]} 45. d6 {[%emt 0:00:16]} Qd3+ {[%emt 0:00:29]} 0-1

[Event "Icelandic Open 2019"]
[Site "Akureyri"]
[Date "2019.05.30"]
[Round "7.15"]
[White "Kristjansson, Olafur"]
[Black "Eiriksson, Sigurdur"]
[Result "1-0"]
[WhiteElo "2069"]
[BlackElo "1811"]
[Annotator "NA"]
[PlyCount "59"]
[EventDate "2019.05.25"]
[EventType "swiss"]
[EventCountry "ISL"]
[SourceTitle "playchess.com"]
[Source "ChessBase"]
[SourceQuality "1"]
[TimeControl "40/5400+30:1800+30"]

1. e4 {[%emt 0:00:00]} d6 {[%emt 0:00:45]} 2. d4 {[%emt 0:00:00]} g6 {[%emt 0:00:19]} 3. Nc3 {[%emt 0:03:43]} Bg7 {[%emt 0:01:10]} 4. Be3 {[%emt 0:00:15]} Nf6 {[%emt 0:00:36]} 5. f3 {[%emt 0:00:14]} O-O {[%emt 0:02:12]} 6. Qd2 {[%emt 0:00:10]} a6 {[%emt 0:02:35]} 7. O-O-O {[%emt 0:00:35]} b5 {[%emt 0:01:24]} 8. h4 {[%emt 0:07:50]} c6 {[%emt 0:01:07]} 9. h5 {[%emt 0:01:18]} Qa5 {[%emt 0:00:28]} 10. hxg6 {[%emt 0:03:08]} fxg6 {[%emt 0:00:25]} 11. Bh6 {[%emt 0:00:54]} Rf7 {[%emt 0:02:21]} 12. Bxg7 {[%emt 0:04:36]} Rxg7 {[%emt 0:00:34]} 13. e5 {[%emt 0:16:20]} Ne8 {[%emt 0:05:52]} 14. exd6 {[%emt 0:10:20]} Nxd6 {[%emt 0:02:34]} 15. a3 {[%emt 0:02:16]} Be6 {[%emt 0:03:23]} 16. Qe3 {[%emt 0:07:37]} Bd7 {[%emt 0:07:26]} 17. Qe5 {[%emt 0:01:37]} Qb6 {[%emt 0:01:52]} 18. Nh3 {[%emt 0:01:24]} Qc7 {[%emt 0:08:33]} 19. Ng5 {[%emt 0:03:56]} Ne8 {[%emt 0:00:54]} 20. Qe3 {[%emt 0:00:41]} a5 {[%emt 0:02:59]} 21. d5 {[%emt 0:08:40]} Nd6 {[%emt 0:05:03]} 22. dxc6 {[%emt 0:05:39]} Nxc6 {[%emt 0:01:23]} 23. Nxb5 {[%emt 0:05:39]} Nxb5 {[%emt 0:04:00]} 24. Bc4+ {[%emt 0:02:26]} Kh8 {[%emt 0:02:11]} 25. Bxb5 {[%emt 0:02:25]} Rc8 {[%emt 0:01:02]} 26. Kb1 {[%emt 0:03:57]} e5 {[%emt 0:19:35]} 27. Bxc6 {[%emt 0:02:18]} Qxc6 {[%emt 0:00:41]} 28. Qxe5 {[%emt 0:00:19]} Qxc2+ {[%emt 0:00:31]} 29. Ka1 {[%emt 0:00:08]} Kg8 {[%emt 0:02:38]} 30. Rxd7 {[%emt 0:00:28]} 1-0

[Event "Icelandic Open 2019"]
[Site "Akureyri"]
[Date "2019.05.31"]
[Round "8.1"]
[White "Sokolov, Ivan"]
[Black "Stefansson, Hannes"]
[Result "1/2-1/2"]
[WhiteElo "2593"]
[BlackElo "2561"]
[Annotator "TA"]
[PlyCount "43"]
[EventDate "2019.05.25"]
[EventType "swiss"]
[EventCountry "ISL"]
[SourceTitle "playchess.com"]
[Source "ChessBase"]
[SourceQuality "1"]

{[%evp 22,23,0,0]} 1. d4 d5 2. c4 c6 3. cxd5 cxd5 4. Nc3 Nf6 5. Bf4 Nc6 6. e3 Bf5 7. Nf3 e6 8. Rc1 Bd6 9. Bxd6 Qxd6 10. Bd3 Bxd3 11. Qxd3 O-O 12. O-O {Predecessor:} Rfc8 $146 13. a3 a6 14. Na4 Na5 15. Ne5 b5 16. Nc5 Nc4 17. Nxc4 bxc4 18. Qe2 h6 19. e4 Nxe4 20. Nxe4 dxe4 21. Rxc4 Rxc4 22. Qxc4 {½-½ (31) Wang,Y (2690)-Ni,H (2670) China 2018} 1/2-1/2